01154nab a22001937a 4500003000400000005001700004008004100021040000700062100002000069245010700089260007200196300001300268500003900281505037700320505008900697650002000786650001600806773013800822OSt20260114160117.0190605e xxu||||| |||| 00| 0 spa d cPJ aZanoni, Melissa10aPasantías : buna buena forma de desarrollar relaciones laborales internacionales /cMelissa Zanoni. aCiudad Autónoma de Buenos Aires :bThomson Reuters La Ley,c2022. ap. 42-47 aCita: TR LALEY AR/DOC/2438/2022.  aSumario: I. Introducción.— II. Beneficios de realizar pasantías internacionales.— III. Las pasantías en Argentina: beneficios y desventajas.— IV. Las prácticas no laborales en España.— V. Autorización de residencia para realizar prácticas en España de la disposición adicional 18ª de la ley 14/2013.— VI. Conclusión.— VII. Bibliografía.  t¿Te interesa el texto completo? Solicitalo al correo: koha@justierradelfuego.gov.ar 0aDERECHO LABORAL 0aPASANTÍAS0 02711dCiudad Autónoma de Buenos Aires : Thomson Reuters La Ley, 1999-2002.tRevista de derecho del trabajo. Nº 5 - Septiembre 2022